De 23 grootste steden in Duitsland - Statistieken

Algemene statistieken
  • Deze quiz is 1.304 keer genomen
  • De gemiddelde score is 11 van 23
Antwoordstatistieken
Hint Antwoord % Correct
8 Berlijn
98%
23 Munchen
94%
6 Hamburg
93%
15 Keulen
81%
19 Frankfurt
79%
13 Dusseldorf
70%
3 Bremen
65%
18 Dresden
60%
17 Leipzig
57%
22 Stuttgart
57%
9 Hannover
53%
16 Bonn
50%
12 Essen
48%
11 Duisburg
33%
1 Kiel
30%
21 Mannheim
22%
2 Rostock
18%
14 Kassel
15%
4 Lubeck
11%
20 Wiesbaden
10%
10 Magdeburg
9%
7 Bremerhaven
4%
5 Emden
4%
Geen overeenkomende quizzen gevonden
Scoreverdeling
Procent van Mensen met Elke Score
Percentiel versus Aantal Correcte Antwoorden
Uw Scoregeschiedenis
U heeft deze quiz nog niet genomen